| 000 | 00649cab a2200205 4500 | ||
|---|---|---|---|
| 001 | WB2608-37 | ||
| 008 | 090401t1990 xxu||||| |||| 00| 0 eng d | ||
| 035 | _a(Sirsi) u22113 | ||
| 041 | _aeng | ||
| 245 | _aPoll tax spies | ||
| 260 | _c1990 | ||
| 350 | _a0 | ||
| 490 |
_aDaily Telegraph _v17/2/90 p29 |
||
| 520 | _aReports on how local authorities are planning to ensure that no one can evade the community charge by moving into a new area, looking particularly at a new company set up by British Telecom . | ||
| 650 | _aDOMESTIC RATING | ||
| 650 | _aTELECOM CAPITA | ||
| 690 | _aRATING AND VALUATION | ||
| 942 | _n0 | ||
| 948 | _c04/03/1997 | ||
| 999 |
_c14807 _d14807 |
||